| 000 | 00534nas a2200217 i 4500 | ||
|---|---|---|---|
| 001 | 2650 | ||
| 003 | ES-MaACL | ||
| 005 | 20250709062527.0 | ||
| 007 | t| | ||
| 008 | 950801d1900 ag | | 1 ||pa d | ||
| 080 | _a82 | ||
| 245 | 0 | 0 | _aAlmanaque de los vegetarianos para... |
| 260 |
_aBuenos Aires : _bG. Mendesky e Hijo, _c190-? |
||
| 300 |
_a1 v. (122 p.) : _bil. ; _c21 cm. |
||
| 310 | _aAnual | ||
| 362 | 0 | _a[19--] | |
| 852 |
_aES-MaACL _jT-1113-F-1 |
||
| 866 | 0 | _o1905. | |
| 942 |
_2udc _cPERIODICA |
||
| 999 |
_c2650 _d2650 |
||